| 000 | 00471nam a2200169Ia 4500 | ||
|---|---|---|---|
| 008 | 230718s9999 xx 000 0 und d | ||
| 020 | _a978818495207 | ||
| 041 | _aeng | ||
| 082 |
_a658.404 _bCHA |
||
| 100 |
_aChatterjee D. _9110866 |
||
| 245 |
_aOther 99% _bYou Can Dare To Lead |
||
| 260 |
_c2011 _bJaico Publishing House |
||
| 300 | _a158 | ||
| 365 |
_cRs. _b195.00 |
||
| 700 |
_aChatterjee D. _9110866 |
||
| 906 |
_dO:0179520-Jun-2011B:793504-May-2011 _cMGMT _b48.75 |
||
| 999 |
_c327904 _d327904 |
||